000 01022cam a22002054a 4500
005 20250605164334.0
008 250528s ||||||||||||||||||||||||d
035 _a23368
020 _a9780393708578
040 _aGR-AtMCL
_bgre
_dGR-AtMCL
_eAACR2
245 1 _aSuccessful Psychopharmacology / Evidence-Based Treatment Solutions for Achieving Remission
250 _a1st
260 _aNew York
_bW.W. Norton & Company,
_c2012
300 _a340
520 _aThis book is a guide for Physicians, Mental Health Professionals, and Their Patients. Acknowledgements, The Goal of Treatment is Remission, The Keys to Successful Psychopharmacology, Antidepressants: Points and Pearls, Choosing the Right Antidepressant, Treating Anxiety Disorders, Treating Eating Disorders, Treating Insomnia, Mood Stabilizers: Points and Pearls, Treating Bipolar Disorder, Antipsychotics: Points and Pearls, Treating Psychosis, References, Index.
700 1 _aSobel Stephen V
_98928
942 _cBK
999 _c8393
_d8393